Ziemia Prudnicka

Titel: Ziemia Prudnicka
Veröffentlicht: Prudnik : Spółka Wydawn. "Aneks", 2002-
Erscheinungsverlauf: Nachgewiesen 2002 -
Format: Zeitschrift, Zeitung
Sprache: Polnisch
Schlagworte:
ISSN: 1642-977X
Kein Bild verfügbar
X
alg: 11210650
001A    $06050:19-06-03 
001B    $01999:25-03-23 $t01:04:56.000 
001D    $06050:10-10-15 
001U    $0utf8 
001X    $00 
002@    $0Abvc 
002C    $aText $btxt $2rdacontent 
002D    $aohne Hilfsmittel zu benutzen $bn $2rdamedia 
002E    $aBand $bnc $2rdacarrier 
003@    $0112106501 
003O    $01368056458 $aOCoLC 
005A    $01642-977X 
006Z    $02111590-4 
007A    $02111590-4 $aZDB 
010@    $apol 
011@    $a2002 $n2002- 
013D    $RPresse $RFortlaufendes Sammelwerk $#Periodicals $#Yearbooks $#Périodiques $#Annuaires $#Publicaciones periódicas $#journals $#Periodical $#Periodicals as Topic $#Zeitschrift $#Zeitschrift $#Periodikum $#Zeitschriften $74067488-5 $8Zeitschrift [Tsz] $9085189774 
018@    $0u 
021A    $aZiemia Prudnicka 
031@    $aNachgewiesen 2002 - 
031N    $6 $j2002 
033A    $pPrudnik $nSpółka Wydawn. "Aneks" 
045T    $a7,41 
045U    $e910 $e940 

lok: 11210650 78

exp: 11210650 78 1 #EPN
201B/01 $019-04-17 $t14:21:54.000 
201U/01 $0utf8 
203@/01 $0790976595 
208@/01 $a12-11-16 $be 
209A/01 $a/ $f000 $x00 
220C/01 $aTitelaufnehmer: wr 
244Z/01 $2Trx $#Silesia $#Śląsk $#Sliezsko $#Slezsko $8--Trx--Schlesien $x01 $9391173987 
244Z/01 $2Trx $#Poola $#Lenkija $#Polija $#Polen Land $#Poland $#Lengyelország $#Poľsko $#Polsko $8--Trx--Polska$gkraj $x02 $9391345966 
244Z/01 $2Trx $#Neustadt OS $#Neustädter Land Oberschlesien $#Ziemia Prudnicka $8--Trx--Prudnik$gziemia $x03 $9391310844 
245Z/01 $a01.02 $x01 
247C/01 $82080>Marburg/Lahn, Herder-Institut, Forschungsbibliothek, Bibliographieportal $9336309341
LEADER 00000cas a2200000 c 4500
001 112106501
003 DE-603
005 20230325010456.0
007 tu
008 030619c20029999xx u| p| 0 |1pol c
016 7 |2 DE-600  |a 2111590-4 
022 |a 1642-977X 
035 |a (DE-599)ZDB2111590-4 
035 |a (OCoLC)1368056458 
040 |a DE-603  |b ger  |c DE-603  |d DE-603 
041 |a pol 
084 |a 7,41  |2 ssgn 
084 |a 910  |a 940  |q DE-600  |2 sdnb 
245 0 0 |a Ziemia Prudnicka 
264 3 1 |a Prudnik  |b Spółka Wydawn. "Aneks"  |c 2002- 
336 |a Text  |b txt  |2 rdacontent 
337 |a ohne Hilfsmittel zu benutzen  |b n  |2 rdamedia 
338 |a Band  |b nc  |2 rdacarrier 
362 0 |a Nachgewiesen 2002 - 
363 0 1 |8 1.1\x  |i 2002 
655 7 |a Zeitschrift  |2 gnd-content  |0 (DE-588)4067488-5  |0 (DE-603)085189774 
924 0 |9 2080  |a (DE-603)790976595  |b DE-2080  |c HES  |d d  |g /